000 00479nam a2200181Ia 4500
999 _c14065
_d14065
003 OSt
005 20201030122913.0
008 190216s9999||||xx |||||||||||||| ||und||
020 _a8171670431
040 _coclc
082 _a821
_bKHA/M
100 _aKhair, Tabish
_96122
245 0 _aMy World /
_cTabish Khair
260 _bRupa And Co,
_c1991.
_aNew Delhi:
300 _a72p
650 _aEnglish Poetry
942 _cBK
_2ddc
_h821
_iKHA/M
_k821
_mKHA/M